Music Quiz

Random Music or Decade Quiz
Score 0/20 Timer 06:00
3 Plays Today
% Correct
Poker Face
96.6%
SexyBack
96.5%
Gold Digger
94.7%
We Belong Together
94.5%
Lose Yourself
93.9%
Umbrella
93.3%
Crazy in Love
92.8%
Since U Been Gone
92.6%
Hey Ya!
90.9%
In Da Club
87.5%
% Correct
Trapped in the Closet
85%
White and Nerdy
79.7%
Pork & Beans
69.5%
Here It Goes Again
69%
Weapon of Choice
60.5%
Fell in Love with a Girl
58.7%
1234
55.6%
What’s a Girl to Do
47.8%
Bad Cover Version
46.8%
D.A.N.C.E.
33.3%

You're not logged in!

Compare scores with friends on all Sporcle quizzes.
OR
Log In

Sporcle TV

Today on Sporcle TV


Watch our educational content, quiz creation guides, and fun videos on Sporcle TV.

Show Comments

Extras

Top Quizzes Today


Score Distribution

Paid Content

Your Account Isn't Verified!

In order to create a playlist on Sporcle, you need to verify the email address you used during registration. Go to your Sporcle Settings to finish the process.

Report this User

Report this user for behavior that violates our Community Guidelines.

Details: